000 00981nam a2200229 a 4500
001 000021234
005 20200930011253.0
008 100902s1994 ck a r 000 | spa d
040 _aDO-SdBNP
_bspa
_cBNPHU
082 _a398.469
_bC112b
100 1 _aCabarcas Antequera, Hernando
_d1937-
_944377
245 1 3 _aBestiario del nuevo Reino de Granada :
_bla imaginación animalística medieval y la descripción literaria de la naturaleza americana /
_cHernando Cabarcas Antequera.
260 _aSantafé de Bogotá, (Colombia) :
_bInstituto Caro y Cuervo :
_bColcultura, Biblioteca Nacional de Colombia,
_c1994.
300 _a196 p. :
_bil. ;
_c23 cm.
490 1 _aDaniel Samper Ortega;
_v1
500 _aIncluye notas al pie de páginas
500 _aIncluye referencias bibliográficas
650 4 _aAnimales
_xCuentos y leyendas
_915612
650 4 _aAnimales fabulosos
_944378
650 4 _aMonstruos en la literatura
_944379
650 4 _aLiteratura fantástica colombiano
_944380
999 _c20735
_d20735